000 01824nam0a2200337 4500
001 RU\NLR\bibl\541924
005 20250609154050.0
010 _a5-8158-0322-7
_9100
021 _aRU
_b2004-35034
_91756
035 _a(NLR Aleph) 000534160
090 _a1372017
_c1372017
100 _a20040726d2004 |||y0rusy50 ca
101 0 _arus
102 _aRU
105 _aa |||||||||
200 1 _aОрганизация и технология строительства лесовозных автомобильных дорог
_eУчеб. пособие для студентов по напрвлению 656300 "Технология лесозаготов. и деревообраб. пр-в" по спец. 260100 "Лесоинж. дело"
_fВ.И. Чернякевич, Н.Н. Пушкаренко
_gМ-во образования Рос. Федерации, Мар. гос. техн. ун-т
210 _aЙошкар-Ола
_cМарГТУ
_d2004
215 _a115 с.
_cил.
_d20
320 _aБиблиогр.: с. 113-114 (36 назв.)
606 0 _aАвтомобильные лесовозные дороги
_jРуководства, пособия и т.п.
_xСтроительство
_9890934
_3RU\NLR\auth\661891
606 0 _aАвтомобильные лесовозные дороги
_jУчебные издания для высших учебных заведений
_xСтроительство
_9890934
_3RU\NLR\auth\661891
686 _aП390.520я73
700 1 _aЧернякевич
_bВ. И.
_gВиктор Иосифович
_4070
701 1 _aПушкаренко
_bН. Н.
_gНиколай Николаевич
_4070
801 0 _aRU
_bNLR
_c20040726
_gPSBO
801 1 _aRU
_bNLR
_c20040726
830 _aАвт. по кн.
942 _cBOOK
980 _aNB
980 _aNBR